| 000 | 00469nam a2200181Ia 4500 | ||
|---|---|---|---|
| 005 | 20250508153056.0 | ||
| 008 | 008 250505s9999 xx 000 0 hin d | ||
| 037 | _aTextual | ||
| 040 |
_aFEDL _beng _cFEDL |
||
| 041 |
_ahin _2hin |
||
| 084 |
_a891.431, TUL _qFEDL |
||
| 100 | _aTulsi | ||
| 245 | 0 | _aAgni pariksha | |
| 260 |
_aDelhi, India _bAtmaram and Sons _c1961 |
||
| 300 | _a143p. | ||
| 942 |
_cTEXL _h891.431, TUL |
||
| 999 |
_c1340542 _d1340542 |
||